[Event "Padova/Monselice Province 70th"]
[Site "Padova"]
[Date "2010.01.17"]
[Round "4.8"]
[White "Castaldini, Marzia"]
[Black "Meggiorin, Orlando"]
[Result "0-1"]
[WhiteElo "1440"]
[BlackElo "1826"]
[PlyCount "61"]
[EventDate "2010.01.15"]
[EventType "swiss"]
[EventRounds "5"]
[EventCountry "ITA"]
[SourceTitle "EXT 2024"]
[Source "ChessBase"]
[SourceDate "2023.10.10"]
[SourceVersion "1"]
[SourceVersionDate "2023.10.10"]
[SourceQuality "1"]

1. e4 e6 2. Nc3 d5 3. d4 Bb4 4. Bd2 Bxc3 5. Bxc3 Nf6 6. e5 Ne4 7. Ne2 c5 8. f3 Nxc3 9. Nxc3 cxd4 10. Qxd4 Nc6 11. Bb5 Bd7 12. Bxc6 Bxc6 13. 0-0-0 f6 14. g4 h5 15. h3 a6 16. Kb1 Qc7 17. f4 0-0-0 18. Rhf1 hxg4 19. hxg4 Rh4 20. Rg1 Kb8 21. Qf2 Rdh8 22. Qc5 Rh2 23. Qd6 Rf2 24. Rdf1 Rxf1+ 25. Rxf1 Rh4 26. Qxc7+ Kxc7 27. Rg1 Rh2 28. b3 d4 29. Nd1 Be4 30. Kc1 Rxc2+ 31. Kb1 0-1

[Event "Padova/Monselice Province 70th"]
[Site "Padova"]
[Date "2010.01.17"]
[Round "5.6"]
[White "Meggiorin, Orlando"]
[Black "De Marchi, Alessandro"]
[Result "1/2-1/2"]
[WhiteElo "1826"]
[BlackElo "1630"]
[PlyCount "20"]
[EventDate "2010.01.15"]
[EventType "swiss"]
[EventRounds "5"]
[EventCountry "ITA"]
[SourceTitle "EXT 2024"]
[Source "ChessBase"]
[SourceDate "2023.10.10"]
[SourceVersion "1"]
[SourceVersionDate "2023.10.10"]
[SourceQuality "1"]

1. e4 Nf6 2. e5 Nd5 3. Bc4 c6 4. Nf3 b5 5. Bxd5 cxd5 6. d4 Nc6 7. c3 d6 8. Bf4 dxe5 9. Bxe5 f6 10. Bg3 e6 1/2-1/2

[Event "Monselice Province-ch"]
[Site "Monselice"]
[Date "2009.01.10"]
[Round "3"]
[White "Rosina, Graziano"]
[Black "Meggiorin, Orlando"]
[Result "1-0"]
[WhiteElo "1805"]
[BlackElo "1499"]
[PlyCount "35"]
[EventDate "2009.01.09"]
[EventType "swiss"]
[EventRounds "7"]
[EventCountry "ITA"]
[SourceTitle "EXT 2011"]
[Source "ChessBase"]
[SourceDate "2010.11.26"]
[SourceVersion "1"]
[SourceVersionDate "2010.11.26"]
[SourceQuality "1"]

1. Nf3 Nf6 2. d4 d5 3. c4 c6 4. e3 Bg4 5. h3 Bh5 6. Bd3 Ne4 7. Nbd2 f5 8. Qb3 b6 9. cxd5 cxd5 10. Bb5+ Kf7 11. Nxe4 fxe4 12. Ng5+ Kf6 13. h4 Bg4 14. f3 exf3 15. gxf3 Bc8 16. e4 e6 17. e5+ Kg6 18. h5+ 1-0

[Event "Chioggia op-B 03rd"]
[Site "Chioggia"]
[Date "2008.10.12"]
[Round "4"]
[White "Meggiorin, Orlando"]
[Black "Knottner, Klaus"]
[Result "0-1"]
[WhiteElo "1532"]
[BlackElo "1560"]
[PlyCount "86"]
[EventDate "2008.10.10"]
[EventType "swiss"]
[EventRounds "5"]
[EventCountry "ITA"]
[SourceTitle "EXT 2022"]
[Source "ChessBase"]
[SourceDate "2021.10.06"]
[SourceVersion "1"]
[SourceVersionDate "2021.10.06"]
[SourceQuality "1"]

1. e4 e5 2. Nf3 Nc6 3. Bc4 Be7 4. 0-0 Nf6 5. d3 0-0 6. a3 d6 7. h3 Bd7 8. Nc3 h6 9. Be3 Qc8 10. Ne2 Kh7 11. Ng3 Ng8 12. c3 f5 13. exf5 Bxf5 14. Bd5 Bg6 15. Be4 Qe6 16. Bxg6+ Qxg6 17. Ne4 Rf7 18. Kh1 Raf8 19. b4 Qe6 20. Ned2 Bd8 21. b5 Nce7 22. Nh2 Ng6 23. c4 Nf6 24. f3 Nh5 25. Qe1 Bh4 26. Bf2 Bxf2 27. Rxf2 Ngf4 28. Qe4+ g6 29. Ndf1 Nf6 30. Qe3 Qf5 31. Rd1 Qg5 32. Ng4 Nxg4 33. hxg4 Qh4+ 34. Nh2 Qg3 35. Nf1 Qh4+ 36. Nh2 Kg8 37. d4 Kg7 38. dxe5 Re7 39. Rdf1 Rxe5 40. Qxa7 Rfe8 41. Qd4 Kh7 42. Ra1 Re1+ 43. Rxe1 Rxe1+ 0-1

[Event "PD-RO Province-ch"]
[Site "Monselice"]
[Date "2008.01.12"]
[Round "2"]
[White "Meggiorin, Orlando"]
[Black "Liberi, Michele"]
[Result "1/2-1/2"]
[WhiteElo "1511"]
[BlackElo "1593"]
[PlyCount "89"]
[EventDate "2008.01.11"]
[EventType "swiss"]
[EventRounds "5"]
[EventCountry "ITA"]
[SourceTitle "EXT 2010"]
[Source "ChessBase"]
[SourceDate "2010.11.25"]
[SourceVersion "1"]
[SourceVersionDate "2010.11.25"]
[SourceQuality "1"]

1. e4 e6 2. d4 d5 3. e5 c5 4. c3 Nc6 5. Nf3 h6 6. a3 Nge7 7. Bd3 Bd7 8. 0-0 Na5 9. dxc5 Qc7 10. b4 Nac6 11. Bf4 g5 12. Bg3 Bg7 13. Bb5 Nf5 14. Bxc6 Bxc6 15. Re1 Nxg3 16. hxg3 g4 17. Nd4 h5 18. Nxc6 bxc6 19. Qd4 Qe7 20. Nd2 Qg5 21. Qf4 Bh6 22. Qxg5 Bxg5 23. Nb3 Kd7 24. Rad1 f5 25. c4 f4 26. gxf4 Bxf4 27. g3 Bg5 28. cxd5 cxd5 29. Nd4 Rhe8 30. Kg2 Re7 31. c6+ Kc7 32. Rh1 Rh8 33. Rd3 Ree8 34. Rc3 a6 35. a4 Bd2 36. Rb3 Rh6 37. b5 axb5 38. axb5 Ba5 39. Ra3 Bb6 40. Nb3 Rf8 41. Ra2 Rf3 42. Rb2 Rh8 43. Rd1 Rhf8 44. Nd4 Bxd4 45. Rxd4 1/2-1/2

[Event "Padova op-A 5th"]
[Site "Padova"]
[Date "2002.12.22"]
[Round "5.18"]
[White "Valentini, Paola"]
[Black "Meggiorin, Orlando"]
[Result "1-0"]
[WhiteElo "1732"]
[BlackElo "1450"]
[PlyCount "134"]
[EventDate "2002.12.14"]
[EventType "swiss"]
[EventRounds "6"]
[EventCountry "ITA"]
[SourceTitle "EXT 2023"]
[Source "ChessBase"]
[SourceDate "2022.10.05"]
[SourceVersion "1"]
[SourceVersionDate "2022.10.05"]
[SourceQuality "1"]

1. c4 e6 2. Nc3 Nf6 3. g3 c6 4. Bg2 d5 5. b3 Be7 6. Bb2 Nbd7 7. Nf3 h6 8. Qc2 Rb8 9. 0-0 b5 10. cxb5 cxb5 11. Nd4 Qc7 12. Rac1 a6 13. Nxd5 Qxc2 14. Nxf6+ Nxf6 15. Rxc2 Bd7 16. Rfc1 0-0 17. Nc6 Bxc6 18. Rxc6 Bb4 19. Bxf6 gxf6 20. d3 a5 21. R1c2 Kg7 22. Bf3 Kg6 23. d4 Rfd8 24. e3 Re8 25. d5 exd5 26. Bxd5 Red8 27. e4 Kg7 28. Rc7 Rf8 29. Rd7 Rbd8 30. Rb7 Rb8 31. Rcc7 Rxb7 32. Rxb7 Kg6 33. Rxb5 Rc8 34. Bc4 Rd8 35. Rd5 Re8 36. f3 Re7 37. Kf2 Kg7 38. Ke3 Kg6 39. h3 Ra7 40. g4 Re7 41. h4 Ra7 42. Rd8 Kg7 43. Kd4 Rc7 44. Rd5 Kg6 45. a3 Bxa3 46. Rxa5 Bb2+ 47. Kd3 Be5 48. h5+ Kg7 49. b4 Kf8 50. b5 Rd7+ 51. Bd5 Rc7 52. Ra3 Ke8 53. b6 Rc8 54. b7 Rb8 55. Ra4 Ke7 56. Rc4 Kd7 57. Kc2 Bf4 58. Kb3 Be5 59. Ka4 Bc7 60. Kb5 Be5 61. Ka6 Bf4 62. Rc6 Be5 63. Ka7 Rf8 64. f4 Bxf4 65. Rxf6 Bb8+ 66. Ka6 Rg8 67. Rxf7+ Ke8 1-0

[Event "Padova op-A 5th"]
[Site "Padova"]
[Date "2002.12.21"]
[Round "4.26"]
[White "Canazza, Alessandro"]
[Black "Meggiorin, Orlando"]
[Result "0-1"]
[WhiteElo "1651"]
[BlackElo "1450"]
[PlyCount "133"]
[EventDate "2002.12.14"]
[EventType "swiss"]
[EventRounds "6"]
[EventCountry "ITA"]
[SourceTitle "EXT 2023"]
[Source "ChessBase"]
[SourceDate "2022.10.05"]
[SourceVersion "1"]
[SourceVersionDate "2022.10.05"]
[SourceQuality "1"]

1. d4 Nf6 2. c4 e6 3. g3 c6 4. Bg2 d5 5. b3 Bb4+ 6. Bd2 Qa5 7. a3 Bxd2+ 8. Nxd2 b5 9. b4 Qc7 10. cxb5 cxb5 11. Rc1 Qd7 12. Ngf3 Nc6 13. 0-0 0-0 14. Nb3 Qe8 15. Qc2 Bd7 16. Nc5 Rc8 17. Qb2 Ne4 18. Nd2 Nd6 19. e3 Nc4 20. Nxc4 bxc4 21. Rfe1 f5 22. Kh1 Rb8 23. h3 a5 24. b5 Qd8 25. Rb1 Na7 26. a4 Nc6 27. Qc3 Nb4 28. Rxb4 axb4 29. Qxb4 Rf7 30. Rb1 Qb6 31. Kh2 g5 32. f4 h6 33. Bf3 Qd6 34. b6 Bc6 35. a5 Rfb7 36. Nxb7 Qxb4 37. Rxb4 Bxb7 38. fxg5 hxg5 39. Bd1 Ba6 40. Kg2 c3 41. Bc2 Bc4 42. Kf3 Kf7 43. g4 fxg4+ 44. Kxg4 Kf6 45. Ra4 Ba6 46. Ra3 Rc8 47. Rb3 Bb7 48. Rb5 Ra8 49. Rc5 Rc8 50. Bd3 Ba6 51. Rxc8 Bxc8 52. Bc2 e5+ 53. Kg3 e4 54. h4 gxh4+ 55. Kxh4 Ke6 56. Kg5 Kd6 57. Ba4 Ba6 58. Kf6 Bb5 59. b7 Kc7 60. Bd1 Kxb7 61. Ke6 Bc6 62. Kd6 Bb5 63. Kxd5 Bd3 64. Kc5 c2 65. Bxc2 Bxc2 66. d5 Bd3 67. d6 0-1

[Event "Padova op-A 5th"]
[Site "Padova"]
[Date "2002.12.14"]
[Round "1.45"]
[White "Giordan, Daniele"]
[Black "Meggiorin, Orlando"]
[Result "1-0"]
[WhiteElo "1650"]
[BlackElo "1450"]
[PlyCount "85"]
[EventDate "2002.12.14"]
[EventType "swiss"]
[EventRounds "6"]
[EventCountry "ITA"]
[SourceTitle "EXT 2023"]
[Source "ChessBase"]
[SourceDate "2022.10.05"]
[SourceVersion "1"]
[SourceVersionDate "2022.10.05"]
[SourceQuality "1"]

1. e4 e6 2. d4 d5 3. Nc3 Bb4 4. e5 c5 5. a3 cxd4 6. axb4 dxc3 7. bxc3 Qc7 8. Qd4 Ne7 9. f4 0-0 10. b5 b6 11. Ba3 Nf5 12. Qd2 Rd8 13. Bd3 d4 14. c4 Bb7 15. Nf3 a6 16. Bxf5 exf5 17. Qb4 axb5 18. cxb5 Bxf3 19. gxf3 Qxc2 20. 0-0 Nd7 21. Qxd4 Nc5 22. Bxc5 Qxc5 23. Qxc5 bxc5 24. Rxa8 Rxa8 25. Rc1 Kf8 26. Rxc5 Ra2 27. b6 Rb2 28. Rc6 Ke8 29. Rd6 Ke7 30. h4 h5 31. Rc6 Ke8 32. Rc8+ Kd7 33. Rc7+ Kd8 34. Rxf7 Rxb6 35. Rxg7 Rb4 36. Kg2 Rxf4 37. Kg3 Ra4 38. Rf7 Ke8 39. Rxf5 Ke7 40. Rxh5 Ke6 41. f4 Ra8 42. Kg4 Rg8+ 43. Rg5 1-0

[Event "Veneto-ch qf 62nd"]
[Site "Arqua Petrarca"]
[Date "2002.05.12"]
[Round "5.23"]
[White "Maniero, Andrea"]
[Black "Meggiorin, Orlando"]
[Result "1-0"]
[WhiteElo "1600"]
[BlackElo "1432"]
[PlyCount "135"]
[EventDate "2002.05.04"]
[EventType "swiss"]
[EventRounds "6"]
[EventCountry "ITA"]
[SourceTitle "EXT 2024"]
[Source "ChessBase"]
[SourceDate "2023.10.10"]
[SourceVersion "1"]
[SourceVersionDate "2023.10.10"]
[SourceQuality "1"]

1. e4 e6 2. Nc3 d5 3. d3 d4 4. Nce2 e5 5. f4 Bd6 6. Nf3 g6 7. g3 Bg4 8. Bg2 Nc6 9. c3 Bxf3 10. Bxf3 Bc5 11. b4 Bb6 12. b5 Na5 13. c4 a6 14. a4 c6 15. bxc6 Nxc6 16. 0-0 Qd7 17. Qb3 Ba7 18. Ba3 0-0-0 19. Rab1 h5 20. Rb2 Qc7 21. f5 Rd7 22. Rfb1 Nge7 23. Nc1 f6 24. Bxe7 Rxe7 25. fxg6 Bc5 26. Qc2 b6 27. Nb3 Nb4 28. Qe2 a5 29. Nxc5 bxc5 30. Bxh5 Rg7 31. Bg4+ Kd8 32. Bf5 Qe7 33. h4 Rgg8 34. h5 Qg7 35. g4 Qh6 36. Qd2 Qg7 37. Kg2 Ke7 38. Rh1 Qh6 39. Qxh6 Rxh6 40. Rd2 Rb8 41. Rb1 Rhh8 42. Kf3 Rbg8 43. Ke2 Rb8 44. Rdd1 Rhg8 45. Rh1 Rh8 46. Rh3 Rhg8 47. g5 fxg5 48. Rg1 Kf6 49. Bg4 Rbf8 50. Rf3+ Kg7 51. Rxf8 Kxf8 52. Rf1+ Kg7 53. Rf5 Nc6 54. Rxg5 Rh8 55. Bd7 Kh6 56. Rf5 Nb4 57. Rxe5 Na2 58. Kd2 Rf8 59. Rxc5 Rf2+ 60. Ke1 Rh2 61. Rxa5 Nc3 62. Rf5 Ra2 63. e5 Ra1+ 64. Kf2 Nd1+ 65. Kf3 Ne3 66. Rf4 Kxh5 67. Rxd4 Nc2 68. Rg4 1-0

[Event "Veneto-ch qf 62nd"]
[Site "Arqua Petrarca"]
[Date "2002.05.12"]
[Round "6.26"]
[White "Zuccarello, Gianni"]
[Black "Meggiorin, Orlando"]
[Result "0-1"]
[WhiteElo "1600"]
[BlackElo "1432"]
[PlyCount "70"]
[EventDate "2002.05.04"]
[EventType "swiss"]
[EventRounds "6"]
[EventCountry "ITA"]
[SourceTitle "EXT 2024"]
[Source "ChessBase"]
[SourceDate "2023.10.10"]
[SourceVersion "1"]
[SourceVersionDate "2023.10.10"]
[SourceQuality "1"]

1. d4 d5 2. c4 Nc6 3. e3 Nf6 4. Nf3 Bg4 5. Nbd2 e6 6. a3 Be7 7. b4 a6 8. Bb2 0-0 9. Qc2 Na7 10. Be2 Rc8 11. 0-0 b5 12. c5 Nc6 13. h3 Bh5 14. Bd3 h6 15. Bc3 Kh8 16. a4 Rb8 17. axb5 axb5 18. Ra6 Qd7 19. Rfa1 Bg6 20. Ne5 Nxe5 21. dxe5 Bxd3 22. Qxd3 Nh7 23. Nf3 Ng5 24. Nd4 Ne4 25. Be1 Bxc5 26. f3 Bxd4 27. exd4 Ng5 28. R1a5 f6 29. Qc2 fxe5 30. dxe5 Qf7 31. Qd3 Qh5 32. Rc6 Nxf3+ 33. gxf3 Rxf3 34. Qe2 Rg3+ 35. Kf2 Rf8+ 0-1

[Event "Veneto-ch qf 62nd"]
[Site "Arqua Petrarca"]
[Date "2002.05.05"]
[Round "2.22"]
[White "Meggiorin, Orlando"]
[Black "Lorenzini, Adriano"]
[Result "1/2-1/2"]
[WhiteElo "1432"]
[BlackElo "1723"]
[PlyCount "61"]
[EventDate "2002.05.04"]
[EventType "swiss"]
[EventRounds "6"]
[EventCountry "ITA"]
[SourceTitle "EXT 2024"]
[Source "ChessBase"]
[SourceDate "2023.10.10"]
[SourceVersion "1"]
[SourceVersionDate "2023.10.10"]
[SourceQuality "1"]

1. e4 c6 2. d4 d5 3. exd5 cxd5 4. Nf3 Bg4 5. Be2 Nf6 6. Bg5 e6 7. h3 Bh5 8. 0-0 Be7 9. Nbd2 0-0 10. Ne5 Bxe2 11. Qxe2 Nc6 12. Nxc6 bxc6 13. c3 a5 14. a4 Qb6 15. Rab1 c5 16. dxc5 Qxc5 17. Rfc1 Qc6 18. b3 Rfc8 19. Nf3 Ba3 20. Bxf6 Bxc1 21. Bxg7 Kxg7 22. Rxc1 Qd6 23. Nd4 Qf4 24. Rc2 Kh8 25. g3 Qe4 26. Qd2 Rc5 27. Nb5 Rd8 28. Rc1 e5 29. Qg5 Rcc8 30. Qf6+ Kg8 31. Nd6 1/2-1/2

[Event "Padova Fornace op 4th"]
[Site "Padova"]
[Date "2001.12.16"]
[Round "2.33"]
[White "Meggiorin, Orlando"]
[Black "De Nard, Stefano"]
[Result "1-0"]
[WhiteElo "1441"]
[BlackElo "1530"]
[PlyCount "51"]
[EventDate "2001.12.15"]
[EventType "swiss"]
[EventRounds "6"]
[EventCountry "ITA"]
[SourceTitle "EXT 2024"]
[Source "ChessBase"]
[SourceDate "2023.10.10"]
[SourceVersion "1"]
[SourceVersionDate "2023.10.10"]
[SourceQuality "1"]

1. e4 c5 2. Nf3 d6 3. d4 cxd4 4. Nxd4 Nf6 5. Nc3 g6 6. Be3 Bg7 7. Qd2 0-0 8. 0-0-0 Nc6 9. Bh6 Nxd4 10. Bxg7 Nb3+ 11. cxb3 Kxg7 12. Bc4 Qc7 13. h4 h5 14. f3 a6 15. Kb1 Bd7 16. Nd5 Nxd5 17. Qxd5 b5 18. Be2 Qb6 19. g4 Be6 20. Qd2 hxg4 21. fxg4 Rh8 22. h5 Raf8 23. Qg5 Qb7 24. Bd3 Rh6 25. hxg6 Rxg6 26. Qh5 1-0

[Event "Padova Fornace op 4th"]
[Site "Padova"]
[Date "2001.12.15"]
[Round "1.34"]
[White "Quaranta, Cristiano"]
[Black "Meggiorin, Orlando"]
[Result "1-0"]
[WhiteElo "1627"]
[BlackElo "1441"]
[PlyCount "93"]
[EventDate "2001.12.15"]
[EventType "swiss"]
[EventRounds "6"]
[EventCountry "ITA"]
[SourceTitle "EXT 2024"]
[Source "ChessBase"]
[SourceDate "2023.10.10"]
[SourceVersion "1"]
[SourceVersionDate "2023.10.10"]
[SourceQuality "1"]

1. d4 d5 2. c4 Nc6 3. Nf3 Bg4 4. e3 Nf6 5. Nc3 e6 6. Bd3 Be7 7. 0-0 0-0 8. a3 a6 9. b4 dxc4 10. Bxc4 b5 11. Be2 Bd6 12. Qc2 Ne7 13. Bb2 c6 14. Rac1 Qc7 15. h3 Bh5 16. Ne4 Nxe4 17. Qxe4 Bg6 18. Qg4 h5 19. Qh4 Nf5 20. Qg5 Kh7 21. Ne5 Bxe5 22. dxe5 Qe7 23. Qxe7 Nxe7 24. Bf3 Rac8 25. Rc5 Rc7 26. Rfc1 Rfc8 27. Bd4 h4 28. R5c3 Nd5 29. Bxd5 exd5 30. Bc5 d4 31. Bxd4 Be4 32. f3 Bd5 33. e4 Bc4 34. Bf2 Re7 35. Bxh4 Rxe5 36. Bg3 Re6 37. Kf2 Rd8 38. Bf4 f6 39. R1c2 g5 40. Rd2 Rxd2+ 41. Bxd2 Kg6 42. Re3 Rd6 43. Ke1 Kh5 44. e5 fxe5 45. Rxe5 Kh4 46. Rxg5 Rxd2 47. Rg4+ 1-0

[Event "Veneto Region-ch"]
[Site "Arqua Petrarca"]
[Date "2001.05.12"]
[Round "4"]
[White "Quaranta, Gaetano"]
[Black "Meggiorin, Orlando"]
[Result "1-0"]
[WhiteElo "1621"]
[BlackElo "1600"]
[PlyCount "73"]
[EventDate "2001.05.05"]
[EventType "swiss"]
[EventRounds "6"]
[EventCountry "ITA"]
[SourceTitle "EXT 2023"]
[Source "ChessBase"]
[SourceDate "2022.10.05"]
[SourceVersion "1"]
[SourceVersionDate "2022.10.05"]
[SourceQuality "1"]

1. e4 e6 2. d4 d5 3. e5 c5 4. c3 Nc6 5. Nf3 Qb6 6. Bd3 cxd4 7. cxd4 Nxd4 8. Nxd4 Bc5 9. Be3 Bd7 10. Nc2 Bxe3 11. Nxe3 Qxb2 12. Nd2 Qxe5 13. 0-0 Nf6 14. Nf3 Qd6 15. Re1 0-0 16. Nc4 Qb8 17. Nce5 h6 18. Nxd7 Nxd7 19. Rc1 Nf6 20. Bb1 b5 21. Ne5 Qd6 22. Rc6 Qe7 23. Qc2 Qb4 24. Rf1 Ne4 25. Nd3 Qd4 26. Nc5 Nf6 27. Nd7 Rfd8 28. Nxf6+ Qxf6 29. Qh7+ Kf8 30. Rc7 g6 31. Qxh6+ Qg7 32. Qf4 d4 33. Bd3 a6 34. Re1 Kg8 35. Rxe6 Qf8 36. Ree7 f5 37. Qg5 1-0